LDR 01167naa#a2200205#i#450# 001 RU\\bibl\121457 005 20260515064624.5 011 ## _a1994-4683 100 ## _a20230531b2023####ek#y0rusy0150####ca 102 ## _aRU 200 1# _aИНДИВИДУАЛИЗАЦИЯ И ПЕРСОНАЛИЗАЦИЯ ФИЗИЧЕСКОГО ВОСПИТАНИЯ СТУДЕНТОВ В СПЕЦИАЛЬНЫХ МЕДИЦИНСКИХ ГРУППАХ _eЖурнальная статья 210 1# _aМосква _cНациональный государственный Университет физической культуры, спорта и здоровья им. П.Ф. Лесгафта _d2023 215 ## _a5 с. 608 ## _aЖурнальная статья _2local 675 ## _aМетодика физического воспитания. Пути и средства физического воспитания. Учебные заведения физической культуры. 796.011.3 _z 700 #1 _aСадовников _gЕ С 700 #1 _aЖегалова _gМ Н 700 #1 _aКутенков _gВ Я 700 #1 _aСерединцева _gН В 856 4# _auchzapiski.lesgaft.spb.ru _u